| 000 | 00678nam a22002177a 4500 | ||
|---|---|---|---|
| 003 | OSt | ||
| 005 | 20130517111317.0 | ||
| 008 | 130517s2001 sp ||||| |||| 00| 0 cat d | ||
| 020 | _a8484152987 | ||
| 040 | _cCDMR | ||
| 100 | 1 |
_93455 _aDuran i Tort, Carola |
|
| 245 | 1 | 4 |
_a"La Renaixensa" _b: primera empresa editorial catalana _cCarola Duran i Tort |
| 260 |
_aBarcelona _bPublicacions de l'Abadia de Montserrat _c2001 |
||
| 300 | _a479 p. | ||
| 490 | 0 |
_aBiblioteca Abat Oliba _v232 |
|
| 610 | 2 |
_93459 _aImpremta La Renaixensa |
|
| 610 | 2 |
_93458 _aLa Renaixensa (Diari) |
|
| 650 | 0 | 4 |
_93457 _aEditors _zCatalunya |
| 650 | 0 | 4 |
_91524 _aPremsa _xHistòria _zCatalunya |
| 942 |
_2udc _cMON |
||
| 999 |
_c6278 _d6278 |
||